00454nam a2200181 a 4500001001300000003000900013005001700022008004100039020002300080082001300103100001900116245001600135260004600151300000900197500003500206650001200241700001900253nice12345678IN_TiNIC20260116014513.0090202s2008 noia grp 000 0 eng  a9788172237455c39500a823bADI aAdiga, Aravind aWhite Tiger aNoida bHaraper Collins Publishers c2008 a321p aincludes index and biblioraphy aFiction1 aAdiga, Aravind